Abkürzungen im KatS 1 (DE) - Statistiken

Allgemein
  • Dieses Quiz wurde 5 mal gespielt
  • Das Durchschnittsergebnis liegt bei 6 aus 15
Antwortstatistiken
Abkürzung Antwort % Korrekt
MANV Massenanfall von Verletzten
100%
DME Digitaler Meldeempfänger
67%
KatSG Katastrophenschutzgesetz
67%
LNA Leitender Notarzt
67%
OrgL (RD) Organisatorischer Leiter Rettungsdienst
67%
BHP Behandlungsplatz
33%
BOS Behörden und Organisationen mit Sicherheitsaufgaben
33%
BtP Betreuungsplatz
33%
BBK Bundesamt für Bevölkerungsschutz und Katastrophenhilfe
33%
DV Dienstvorschrift
33%
MTF Medizinische Task Force
33%
NFS Notfallsanitäter
33%
RS Rettungssanitäter
33%
SBZ Sanitäts- und Betreuungszug
0%
SOP Standard Operating Procedure
0%
Keine übereinstimmenden Quizze gefunden
Verteilung der Resultate
Anzahl Personen mit jedem Resultat
Perzentil nach korrekt beantworteten Fragen
Ihre Resultats-Entwicklung
Sie haben dieses Quiz noch nicht gespielt